町村名から郡名 (九州・沖縄) - Statistics

General Stats
  • This quiz has been taken 14 times
  • The average score is 38 of 52
Answer Stats
No 都道府県 町村 % Correct
2 福岡県 芦屋町・水巻町・岡垣町・遠賀町 遠賀郡
100%
9 福岡県 香春町・添田町・糸田町・川崎町・大任町・赤村・福智町 田川郡
92%
10 福岡県 苅田町・みやこ町 京都郡
92%
19 長崎県 東彼杵町・川棚町・波佐見町 東彼杵郡
92%
26 熊本県 御船町・嘉島町・益城町・甲佐町・山都町 上益城郡
92%
30 熊本県 苓北町 天草郡
92%
5 福岡県 筑前町・東峰村 朝倉郡
85%
6 福岡県 大刀洗町 三井郡
85%
12 佐賀県 吉野ヶ里町 神埼郡
85%
13 佐賀県 基山町・上峰町・みやき町 三養基郡
85%
15 佐賀県 有田町 西松浦郡
85%
18 長崎県 長与町・時津町 西彼杵郡
85%
22 熊本県 美里町 下益城郡
85%
23 熊本県 玉東町・南関町・長洲町・和水町 玉名郡
85%
24 熊本県 大津町・菊陽町 菊池郡
85%
25 熊本県 南小国町・小国町・産山村・高森町・西原村・南阿蘇村 阿蘇郡
85%
27 熊本県 氷川町 八代郡
85%
29 熊本県 錦町・多良木町・湯前町・水上村・相良村・五木村・山江村・球磨村・あさぎり町 球磨郡
85%
8 福岡県 広川町 八女郡
77%
11 福岡県 吉富町・上毛町・築上町 築上郡
77%
14 佐賀県 玄海町 東松浦郡
77%
20 長崎県 小値賀町・佐々町 北松浦郡
77%
48 沖縄県 国頭村・大宜味村・東村・今帰仁村・本部町・恩納村・宜野座村・金武町・伊江村 国頭郡
77%
4 福岡県 桂川町 嘉穂郡
69%
17 佐賀県 太良町 藤津郡
69%
21 長崎県 新上五島町 南松浦郡
69%
31 大分県 姫島村 東国東郡
69%
33 大分県 九重町・玖珠町 玖珠郡
69%
35 宮崎県 高原町 西諸県郡
69%
36 宮崎県 国富町・綾町 東諸県郡
69%
38 宮崎県 門川町・諸塚村・椎葉村・美郷町 東臼杵郡
69%
39 宮崎県 高千穂町・日之影町・五ヶ瀬町 西臼杵郡
69%
41 鹿児島県 さつま町 薩摩郡
69%
42 鹿児島県 長島町 出水郡
69%
1 福岡県 宇美町・篠栗町・志免町・須恵町・新宮町・久山町・粕屋町 糟屋郡
62%
3 福岡県 小竹町・鞍手町 鞍手郡
62%
34 宮崎県 三股町 北諸県郡
62%
37 宮崎県 高鍋町・新富町・西米良村・木城町・川南町・都農町 児湯郡
62%
40 鹿児島県 三島村・十島村 鹿児島郡
62%
45 鹿児島県 東串良町・錦江町・南大隅町・肝付町 肝属郡
62%
46 鹿児島県 中種子町・南種子町・屋久島町 熊毛郡
62%
47 鹿児島県 大和村・宇検村・瀬戸内町・龍郷町・喜界町・徳之島町・天城町・伊仙町・和泊町・知名町・与論町 大島郡
62%
49 沖縄県 読谷村・嘉手納町・北谷町・北中城村・中城村・西原町 中頭郡
62%
50 沖縄県 与那原町・南風原町・渡嘉敷村・座間味村・粟国村・渡名喜村・南大東村・北大東村・伊平屋村・伊是名村・久米島町・八重瀬町 島尻郡
62%
51 沖縄県 多良間村 宮古郡
62%
52 沖縄県 竹富町・与那国町 八重山郡
62%
7 福岡県 大木町 三潴郡
54%
16 佐賀県 大町町・江北町・白石町 杵島郡
54%
28 熊本県 芦北町・津奈木町 葦北郡
54%
32 大分県 日出町 速見郡
54%
43 鹿児島県 湧水町 姶良郡
38%
44 鹿児島県 大崎町 曽於郡
38%
No matching quizzes found
Score Distribution
Percent of People with Each Score
Percentile by Number Answered
Your Score History
You have not taken this quiz